[Event "Clare Benedict Cup 22nd"]
[Site "Copenhagen"]
[Date "1977.??.??"]
[Round "3.3"]
[White "Wirthensohn, Heinz"]
[Black "Calvo Minguez, Ricardo"]
[Result "1-0"]
[WhiteElo "2390"]
[BlackElo "2420"]
[PlyCount "67"]
[EventDate "1977.02.13"]
[EventType "team-tourn"]
[EventRounds "7"]
[EventCountry "DEN"]
[SourceTitle "EXT 2002"]
[Source "ChessBase"]
[SourceDate "2001.11.25"]
[SourceVersion "1"]
[SourceVersionDate "2001.11.25"]
[SourceQuality "1"]
[WhiteTeam "Schweiz"]
[BlackTeam "Spanien"]
[WhiteTeamCountry "SUI"]
[BlackTeamCountry "ESP"]

1. c4 c5 2. g3 e6 3. Bg2 d5 4. Nf3 Nc6 5. O-O Nf6 6. cxd5 exd5 7. d4 Be7 8. Nc3
O-O 9. b3 Ne4 10. Bb2 Bf6 11. Na4 cxd4 12. Nxd4 Bd7 13. Rc1 Re8 14. e3 Nxd4 15.
Bxd4 Bc6 16. Nc3 h6 17. Rc2 Nxc3 18. Rxc3 Bxd4 19. Qxd4 Qa5 20. Rc2 Rad8 21.
Rd1 Rd7 22. Qc5 Qd8 23. Rcd2 Re5 24. Qxa7 b6 25. Qa3 h5 26. Qb2 Rg5 27. h4 Rg6
28. Qe5 Re7 29. Qxh5 Qc7 30. Rd4 Re5 31. Qe2 Qe7 32. Qc2 Bb7 33. Bxd5 Rxe3 34.
Bxb7 1-0

[Event "Clare Benedict Cup 22nd"]
[Site "Copenhagen"]
[Date "1977.??.??"]
[Round "4.4"]
[White "Kristiansen, Jens"]
[Black "Rumens, David E"]
[Result "1-0"]
[WhiteElo "2385"]
[BlackElo "2270"]
[PlyCount "82"]
[EventDate "1977.02.13"]
[EventType "team-tourn"]
[EventRounds "7"]
[EventCountry "DEN"]
[SourceTitle "EXT 2002"]
[Source "ChessBase"]
[SourceDate "2001.11.25"]
[SourceVersion "1"]
[SourceVersionDate "2001.11.25"]
[SourceQuality "1"]
[WhiteTeam "Danmark"]
[BlackTeam "England"]
[WhiteTeamCountry "DEN"]
[BlackTeamCountry "ENG"]

1. Nf3 Nf6 2. c4 e6 3. Nc3 d5 4. d4 Be7 5. Bg5 O-O 6. e3 b6 7. Rc1 Bb7 8. Bxf6
Bxf6 9. cxd5 exd5 10. Bd3 Nc6 11. O-O Nb4 12. Bb1 c5 13. a3 Na6 14. Qc2 g6 15.
Rfd1 Rc8 16. Ba2 Nb4 17. axb4 cxb4 18. Qa4 bxc3 19. Rxc3 Rxc3 20. bxc3 Qc7 21.
Rb1 a6 22. Qb3 b5 23. Ne1 Rc8 24. Rc1 Be7 25. Nd3 Bd6 26. g3 Qe7 27. Bb1 b4 28.
cxb4 Rxc1+ 29. Nxc1 Bxb4 30. Nd3 Bd6 31. Qb6 h5 32. Nc5 Bxc5 33. dxc5 Qd7 34.
Bd3 d4 35. e4 Qc6 36. Qd8+ Kg7 37. Qxd4+ Qf6 38. Qxf6+ Kxf6 39. f4 Ke7 40. Kf2
Kd7 41. Ke3 Kc6 1-0

[Event "Clare Benedict Cup 22nd"]
[Site "Copenhagen"]
[Date "1977.??.??"]
[Round "4.4"]
[White "Rath, Ulrik"]
[Black "Hartston, William Roland"]
[Result "1/2-1/2"]
[WhiteElo "2420"]
[BlackElo "2475"]
[PlyCount "86"]
[EventDate "1977.02.13"]
[EventType "team-tourn"]
[EventRounds "7"]
[EventCountry "DEN"]
[SourceTitle "EXT 2002"]
[Source "ChessBase"]
[SourceDate "2001.11.25"]
[SourceVersion "1"]
[SourceVersionDate "2001.11.25"]
[SourceQuality "1"]
[WhiteTeam "Danmark"]
[BlackTeam "England"]
[WhiteTeamCountry "DEN"]
[BlackTeamCountry "ENG"]

1. d4 Nf6 2. c4 c5 3. Nf3 cxd4 4. Nxd4 e6 5. Nc3 Bb4 6. Ndb5 d5 7. cxd5 exd5 8.
a3 Bxc3+ 9. bxc3 O-O 10. Bg5 Nc6 11. e3 a6 12. Bxf6 Qxf6 13. Nd4 Be6 14. Be2
Rac8 15. O-O Na5 16. Qa4 Nc4 17. Bxc4 Rxc4 18. Qb3 Qe7 19. Rfb1 Bc8 20. a4 Qc7
21. Ne2 Rd8 22. Qb6 Rd6 23. Qxc7 Rxc7 24. Rb4 Kf8 25. Rab1 Rdc6 26. Kf1 Rc4 27.
Nf4 Rxc3 28. Nxd5 Rc1+ 29. Rxc1 Rxc1+ 30. Ke2 Rc2+ 31. Kf3 Ra2 32. e4 Ra3+ 33.
Kf4 Ra2 34. Kf3 a5 35. Rc4 Be6 36. Ke3 f5 37. Rc5 Rxa4 38. exf5 Bd7 39. f6 Bc6
40. fxg7+ Kxg7 41. f4 h5 42. Nc3 Ra3 43. Kd4 h4 1/2-1/2

[Event "Clare Benedict Cup 22nd"]
[Site "Copenhagen"]
[Date "1977.??.??"]
[Round "4.4"]
[White "Stean, Michael"]
[Black "Sloth, Jorn"]
[Result "1/2-1/2"]
[WhiteElo "2485"]
[BlackElo "2395"]
[PlyCount "63"]
[EventDate "1977.02.13"]
[EventType "team-tourn"]
[EventRounds "7"]
[EventCountry "DEN"]
[SourceTitle "EXT 2002"]
[Source "ChessBase"]
[SourceDate "2001.11.25"]
[SourceVersion "1"]
[SourceVersionDate "2001.11.25"]
[SourceQuality "1"]
[WhiteTeam "England"]
[BlackTeam "Danmark"]
[WhiteTeamCountry "ENG"]
[BlackTeamCountry "DEN"]

1. e4 e6 2. d4 d5 3. Nd2 c5 4. Ngf3 Nf6 5. exd5 Nxd5 6. Nb3 cxd4 7. Nbxd4 Be7
8. g3 O-O 9. Bg2 Bf6 10. O-O Bd7 11. c4 Nb4 12. Qe2 N8c6 13. Nb5 Qe7 14. Rd1
Rfd8 15. Be3 Be8 16. a3 Na6 17. Rxd8 Rxd8 18. Nxa7 Nxa7 19. Bxa7 b5 20. cxb5
Qxa7 21. bxa6 Rb8 22. Ne5 Bb5 23. Qe4 Qxa6 24. Rd1 Qa4 25. Re1 Qxe4 26. Rxe4
Rc8 27. h4 Rc1+ 28. Kh2 Rc2 29. Rb4 Bxe5 30. Rxb5 f6 31. f4 Rxb2 32. Rxb2
1/2-1/2

[Event "Clare Benedict Cup 22nd"]
[Site "Copenhagen"]
[Date "1977.??.??"]
[Round "4.3"]
[White "Clemens, Christian"]
[Black "Helmers, Knut Jaran"]
[Result "1-0"]
[WhiteElo "2350"]
[BlackElo "2305"]
[PlyCount "90"]
[EventDate "1977.02.13"]
[EventType "team-tourn"]
[EventRounds "7"]
[EventCountry "DEN"]
[SourceTitle "EXT 2002"]
[Source "ChessBase"]
[SourceDate "2001.11.25"]
[SourceVersion "1"]
[SourceVersionDate "2001.11.25"]
[SourceQuality "1"]
[WhiteTeam "Vesttyskland"]
[BlackTeam "Norge"]
[WhiteTeamCountry "GER"]
[BlackTeamCountry "NOR"]

1. g3 Nf6 2. Bg2 d5 3. Nf3 e6 4. c4 Be7 5. O-O O-O 6. b3 a5 7. Bb2 a4 8. bxa4
Nbd7 9. cxd5 exd5 10. Qc2 Nb6 11. Be5 c6 12. Nc3 Nfd7 13. Bf4 Nc5 14. Rab1
Nbxa4 15. Nxa4 Rxa4 16. Be5 Qa5 17. Rb2 Qa6 18. d3 Nd7 19. Bc3 Ba3 20. Rbb1 Re8
21. Rfe1 Bf8 22. Rb2 Nc5 23. Bf1 Qa7 24. Bg2 Ne6 25. e4 d4 26. Bd2 Nc7 27. e5
Nb5 28. Ng5 h6 29. Ne4 Bf5 30. Bf4 Bxe4 31. Bxe4 Nc3 32. Bd2 Nxe4 33. Rxe4 Ra8
34. e6 fxe6 35. Qb3 Rxa2 36. Qxe6+ Kh7 37. Bxh6 gxh6 38. Rg4 Bg7 39. Rxg7+ Kxg7
40. Qe7+ Kg6 41. Rxb7 Qxb7 42. Qxb7 R8a6 43. Qd7 R2a4 44. Kg2 Kf6 45. Qh7 c5
1-0

[Event "Clare Benedict Cup 22nd"]
[Site "Copenhagen"]
[Date "1977.??.??"]
[Round "4.3"]
[White "Hoen, Ragnar Harald"]
[Black "Eising, Johannes"]
[Result "1/2-1/2"]
[WhiteElo "2380"]
[BlackElo "2390"]
[PlyCount "172"]
[EventDate "1977.02.13"]
[EventType "team-tourn"]
[EventRounds "7"]
[EventCountry "DEN"]
[SourceTitle "EXT 2002"]
[Source "ChessBase"]
[SourceDate "2001.11.25"]
[SourceVersion "1"]
[SourceVersionDate "2001.11.25"]
[SourceQuality "1"]
[WhiteTeam "Norge"]
[BlackTeam "Vesttyskland"]
[WhiteTeamCountry "NOR"]
[BlackTeamCountry "GER"]

1. e4 c5 2. Nf3 d6 3. d4 cxd4 4. Nxd4 Nf6 5. Nc3 e6 6. Be2 Be7 7. O-O O-O 8.
Be3 a6 9. a4 Nc6 10. Nb3 b6 11. f4 Bb7 12. Bf3 Qc7 13. Qe2 Rab8 14. Rfd1 Rfc8
15. Rd2 Na5 16. Nxa5 bxa5 17. Ba7 Ra8 18. Bf2 Rab8 19. Ba7 Ra8 20. Bf2 Nd7 21.
Nd1 Nf6 22. Nc3 Nd7 23. Nd1 e5 24. fxe5 Nxe5 25. b3 f5 26. exf5 Nxf3+ 27. gxf3
Bg5 28. Be3 Qe7 29. Bxg5 Qxg5+ 30. Qg2 Qxf5 31. Ne3 Qe5 32. Re1 Rc3 33. Rde2
Qf6 34. Ng4 Qd4+ 35. Qf2 Qxf2+ 36. Nxf2 Bxf3 37. Re3 Rac8 38. Nd3 Bh5 39. Nf4
Bf7 40. Rxc3 Rxc3 41. Re2 Kf8 42. Rd2 Ke7 43. Nd5+ Bxd5 44. Rxd5 Rc5 45. Rd2 d5
46. Kf2 Kd6 47. c4 Ke5 48. Re2+ Kd4 49. Rd2+ Ke4 50. cxd5 Rxd5 51. Rc2 Rf5+ 52.
Kg2 Rg5+ 53. Kh3 Kd5 54. Rc7 Rg6 55. Kh4 Kd6 56. Rc8 Kd5 57. Rc7 Kd6 58. Rc8
Rg2 59. h3 Rg6 60. Rc4 Kd7 61. Rc5 Rb6 62. Rxa5 Rb4+ 63. Kh5 Rxb3 64. h4 Rb6
65. Rg5 g6+ 66. Kh6 Rb4 67. Kxh7 Rxh4+ 68. Kxg6 Rxa4 69. Kf6 Kd6 70. Rg8 Rf4+
71. Kg5 Rf1 72. Ra8 Ra1 73. Kf4 Ra3 74. Ke4 Kc5 75. Rc8+ Kb4 76. Kd4 Rb3 77.
Rc4+ Ka3 78. Rc5 Rb5 79. Rc6 a5 80. Kc3 a4 81. Kc2 Ka2 82. Rc7 a3 83. Rc8 Rb2+
84. Kc1 Ka1 85. Rc7 Rh2 86. Rc8 Rh1+ 1/2-1/2

[Event "Clare Benedict Cup 22nd"]
[Site "Copenhagen"]
[Date "1977.??.??"]
[Round "4.3"]
[White "Lehmann, Heinz"]
[Black "Ogaard, Leif"]
[Result "0-1"]
[WhiteElo "2465"]
[BlackElo "2420"]
[PlyCount "146"]
[EventDate "1977.02.13"]
[EventType "team-tourn"]
[EventRounds "7"]
[EventCountry "DEN"]
[SourceTitle "EXT 2002"]
[Source "ChessBase"]
[SourceDate "2001.11.25"]
[SourceVersion "1"]
[SourceVersionDate "2001.11.25"]
[SourceQuality "1"]
[WhiteTeam "Vesttyskland"]
[BlackTeam "Norge"]
[WhiteTeamCountry "GER"]
[BlackTeamCountry "NOR"]

1. Nf3 Nf6 2. g3 g6 3. Bg2 Bg7 4. O-O O-O 5. c4 d5 6. cxd5 Nxd5 7. Nc3 Nc6 8.
Nxd5 Qxd5 9. d3 Qb5 10. Rb1 a5 11. Bd2 a4 12. Bc3 e5 13. Qc2 Be6 14. Ra1 h6 15.
Rfd1 Rfd8 16. h3 Rd7 17. Nd2 Bd5 18. Nc4 Bxg2 19. Kxg2 Nd4 20. Bxd4 exd4 21.
Nd2 Re7 22. Nf3 Ra6 23. Re1 Rc6 24. Qd2 Rb6 25. Rab1 Qd5 26. b3 axb3 27. axb3
Re8 28. Qa2 Ra6 29. Qc2 Rc6 30. Qa2 Rc3 31. Kg1 b5 32. Nd2 Ra8 33. Qb2 f5 34.
Ra1 Re8 35. Qa2 Kh7 36. Qb1 Re6 37. Ra2 Rec6 38. Rb2 Bf8 39. b4 Ra6 40. Nb3 Ra4
41. Nc5 Bxc5 42. bxc5 c6 43. e4 dxe3 44. Rxe3 Qxc5 45. Re1 Ra7 46. Rbe2 Rg7 47.
Re5 Qd4 48. R1e3 b4 49. Ra5 Ra3 50. Rxa3 bxa3 51. Re2 Rd7 52. Qb3 Ra7 53. Kh2
h5 54. h4 Kg7 55. Kg1 Qa1+ 56. Kg2 Qd4 57. Kg1 Kh7 58. Ra2 f4 59. Kg2 fxg3 60.
fxg3 Qd5+ 61. Qxd5 cxd5 62. Kf3 Ra4 63. Ke3 Kg7 64. Kd2 Kf6 65. Kc3 Ke5 66. Kb3
Ra7 67. Re2+ Kd4 68. Ka2 Ra6 69. g4 hxg4 70. Rg2 Kxd3 71. Rxg4 d4 72. Rg3+ Kc2
73. Rg5 d3 0-1

[Event "Clare Benedict Cup 22nd"]
[Site "Copenhagen"]
[Date "1977.??.??"]
[Round "4.1"]
[White "Andersson, Ulf"]
[Black "Wirthensohn, Heinz"]
[Result "1/2-1/2"]
[WhiteElo "2565"]
[BlackElo "2390"]
[PlyCount "59"]
[EventDate "1977.02.13"]
[EventType "team-tourn"]
[EventRounds "7"]
[EventCountry "DEN"]
[SourceTitle "EXT 2002"]
[Source "ChessBase"]
[SourceDate "2001.11.25"]
[SourceVersion "1"]
[SourceVersionDate "2001.11.25"]
[SourceQuality "1"]
[WhiteTeam "Sverige"]
[BlackTeam "Schweiz"]
[WhiteTeamCountry "SWE"]
[BlackTeamCountry "SUI"]

1. c4 e5 2. Nc3 d6 3. g3 g6 4. Bg2 Bg7 5. d3 Ne7 6. e4 O-O 7. Nge2 c5 8. O-O
Nbc6 9. a3 a6 10. Rb1 Rb8 11. b4 cxb4 12. axb4 b5 13. cxb5 axb5 14. Be3 Nd4 15.
Qd2 Bg4 16. f3 Be6 17. Bf2 Nxe2+ 18. Nxe2 d5 19. Rfd1 Qd7 20. Nc1 dxe4 21. dxe4
Qxd2 22. Rxd2 Rfd8 23. Rxd8+ Rxd8 24. Nb3 Nc6 25. Bf1 Bxb3 26. Rxb3 Bf8 27.
Bxb5 Nd4 28. Rd3 Rb8 29. Bxd4 exd4 30. Bc4 1/2-1/2

[Event "Clare Benedict Cup 22nd"]
[Site "Copenhagen"]
[Date "1977.??.??"]
[Round "4.1"]
[White "Bichsel, Walter"]
[Black "Schussler, Harry"]
[Result "1-0"]
[WhiteElo "2265"]
[BlackElo "2360"]
[PlyCount "83"]
[EventDate "1977.02.13"]
[EventType "team-tourn"]
[EventRounds "7"]
[EventCountry "DEN"]
[SourceTitle "EXT 2002"]
[Source "ChessBase"]
[SourceDate "2001.11.25"]
[SourceVersion "1"]
[SourceVersionDate "2001.11.25"]
[SourceQuality "1"]
[WhiteTeam "Schweiz"]
[BlackTeam "Sverige"]
[WhiteTeamCountry "SUI"]
[BlackTeamCountry "SWE"]

1. e4 g6 2. d4 Bg7 3. Nc3 d6 4. f4 Nf6 5. Nf3 O-O 6. Bd3 Na6 7. e5 Nd7 8. Ng5
dxe5 9. dxe5 Ndc5 10. Bc4 Qxd1+ 11. Nxd1 h6 12. Nf3 Be6 13. Bxe6 Nxe6 14. c3 f6
15. exf6 Rxf6 16. g3 g5 17. Ne3 gxf4 18. Ng4 Rf7 19. gxf4 Nxf4 20. Rg1 Kh7 21.
Nge5 Nd3+ 22. Nxd3 Rxf3 23. Ke2 Raf8 24. Rg2 R3f6 25. Be3 b6 26. Rag1 R8f7 27.
Ne5 Nb8 28. Nxf7 Rxf7 29. Bf4 e6 30. Rg6 Re7 31. Ke3 Nd7 32. R6g2 Nf6 33. Ke2
Nd5 34. Bg3 b5 35. Rf1 Bf6 36. Rgf2 Kg6 37. Rg1 Kh7 38. Rgf1 Kg6 39. Bf4 a6 40.
Be3 Re8 41. Rf3 Re7 42. Rg1+ 1-0

[Event "Clare Benedict Cup 22nd"]
[Site "Copenhagen"]
[Date "1977.??.??"]
[Round "4.1"]
[White "Jansson, Borje"]
[Black "Schauwecker, Meinrad"]
[Result "1/2-1/2"]
[WhiteElo "2380"]
[BlackElo "2340"]
[PlyCount "74"]
[EventDate "1977.02.13"]
[EventType "team-tourn"]
[EventRounds "7"]
[EventCountry "DEN"]
[SourceTitle "EXT 2002"]
[Source "ChessBase"]
[SourceDate "2001.11.25"]
[SourceVersion "1"]
[SourceVersionDate "2001.11.25"]
[SourceQuality "1"]
[WhiteTeam "Sverige"]
[BlackTeam "Schweiz"]
[WhiteTeamCountry "SWE"]
[BlackTeamCountry "SUI"]

1. Nf3 Nf6 2. c4 c5 3. Nc3 e6 4. g3 b6 5. Bg2 Bb7 6. O-O Be7 7. b3 O-O 8. Bb2
d6 9. e3 Nbd7 10. d4 cxd4 11. exd4 Rc8 12. Rc1 Qc7 13. Re1 Rfe8 14. d5 e5 15.
Nd2 a6 16. a4 Qb8 17. Re2 Nc5 18. Qc2 Rc7 19. Rce1 Bf8 20. Qb1 Bc8 21. b4 Nb7
22. h3 Bd7 23. Qd3 a5 24. Ba3 Qc8 25. Kh2 axb4 26. Bxb4 Nc5 27. Bxc5 Rxc5 28.
Qb1 Qc7 29. Qb4 Ra8 30. Rb1 Ra6 31. Ree1 Qc8 32. Bf1 Bf5 33. Ra1 Qa8 34. Qb2
Ra7 35. Nb5 Ra6 36. Nc3 Ra7 37. Nb5 Ra6 1/2-1/2

[Event "Clare Benedict Cup 22nd"]
[Site "Copenhagen"]
[Date "1977.??.??"]
[Round "4.2"]
[White "Pomar Salamanca, Arturo"]
[Black "Janetschek, Karl"]
[Result "1/2-1/2"]
[WhiteElo "2435"]
[BlackElo "2335"]
[PlyCount "51"]
[EventDate "1977.02.13"]
[EventType "team-tourn"]
[EventRounds "7"]
[EventCountry "DEN"]
[SourceTitle "EXT 2002"]
[Source "ChessBase"]
[SourceDate "2001.11.25"]
[SourceVersion "1"]
[SourceVersionDate "2001.11.25"]
[SourceQuality "1"]
[WhiteTeam "Spanien"]
[BlackTeam "strig"]
[WhiteTeamCountry "ESP"]
[BlackTeamCountry "AUT"]

1. g3 d5 2. Nf3 c5 3. Bg2 Nc6 4. d4 e6 5. O-O Nf6 6. b3 cxd4 7. Nxd4 Bc5 8. Bb2
O-O 9. e3 Qe7 10. c4 Rd8 11. cxd5 exd5 12. Nc3 Bg4 13. Qd2 Rac8 14. h3 Be6 15.
Rfd1 Nxd4 16. exd4 Bd6 17. Rac1 Qd7 18. h4 h6 19. Qd3 Bg4 20. Re1 Bb4 21. a3
Bf5 22. Qe3 Re8 23. Qf3 Be4 24. Qd1 Bxg2 25. Rxe8+ Rxe8 26. Kxg2 1/2-1/2

[Event "Clare Benedict Cup 22nd"]
[Site "Copenhagen"]
[Date "1977.??.??"]
[Round "4.2"]
[White "Roth, Peter"]
[Black "Martin Gonzalez, Angel"]
[Result "0-1"]
[WhiteElo "2290"]
[BlackElo "2340"]
[PlyCount "98"]
[EventDate "1977.02.13"]
[EventType "team-tourn"]
[EventRounds "7"]
[EventCountry "DEN"]
[SourceTitle "EXT 2002"]
[Source "ChessBase"]
[SourceDate "2001.11.25"]
[SourceVersion "1"]
[SourceVersionDate "2001.11.25"]
[SourceQuality "1"]
[WhiteTeam "strig"]
[BlackTeam "Spanien"]
[WhiteTeamCountry "AUT"]
[BlackTeamCountry "ESP"]

1. e4 c5 2. Nf3 d6 3. d4 cxd4 4. Nxd4 Nf6 5. Nc3 g6 6. Be3 Bg7 7. f3 Nc6 8. Qd2
O-O 9. O-O-O Nxd4 10. Bxd4 Be6 11. Kb1 Qc7 12. h4 Rfc8 13. h5 Qa5 14. a3 Nxh5
15. Bxg7 Kxg7 16. g4 Rxc3 17. Qxc3+ Qxc3 18. bxc3 Nf4 19. Rd4 Rc8 20. Kb2 a5
21. Bb5 Rc5 22. Ba4 Bc4 23. Re1 Ba6 24. Bb3 b6 25. Rd2 h5 26. gxh5 Rxh5 27. Bd5
Kf6 28. a4 Nxd5 29. Rxd5 Rxd5 30. exd5 Bc4 31. Rd1 g5 32. Rd4 Be2 33. Kc1 Bxf3
34. c4 e6 35. dxe6 Kxe6 36. Kd2 f5 37. Rd3 g4 38. Rb3 f4 39. Rxb6 g3 40. Ke1
Be4 41. c5 f3 42. cxd6 f2+ 43. Kf1 Bxc2 44. d7+ Kxd7 45. Rf6 Bxa4 46. Rf5 Kc6
47. Rf6+ Kc7 48. Rf7+ Kd6 49. Rxf2 Bb5+ 0-1

[Event "Clare Benedict Cup 22nd"]
[Site "Copenhagen"]
[Date "1977.??.??"]
[Round "4.2"]
[White "Sanz Alonso, Francisco Javier"]
[Black "Stoppel, Franz"]
[Result "0-1"]
[WhiteElo "2350"]
[BlackElo "2335"]
[PlyCount "82"]
[EventDate "1977.02.13"]
[EventType "team-tourn"]
[EventRounds "7"]
[EventCountry "DEN"]
[SourceTitle "EXT 2002"]
[Source "ChessBase"]
[SourceDate "2001.11.25"]
[SourceVersion "1"]
[SourceVersionDate "2001.11.25"]
[SourceQuality "1"]
[WhiteTeam "Spanien"]
[BlackTeam "strig"]
[WhiteTeamCountry "ESP"]
[BlackTeamCountry "AUT"]

1. d4 e6 2. Nf3 f5 3. g3 Nf6 4. Bg2 d5 5. O-O Be7 6. c4 c6 7. Qc2 O-O 8. b3 Bd7
9. Nc3 Be8 10. Bb2 Ne4 11. e3 Nd7 12. Ne1 g5 13. Nd3 Bg6 14. f3 Nxc3 15. Qxc3
a5 16. e4 fxe4 17. fxe4 dxe4 18. Nc5 e5 19. Rxf8+ Nxf8 20. Nxe4 Qxd4+ 21. Qxd4
exd4 22. Bxd4 a4 23. Nf6+ Bxf6 24. Bxf6 Nd7 25. Bc3 Nc5 26. b4 Ne4 27. Bb2 a3
28. Bc1 h6 29. Bf3 Ra4 30. Bd1 Ra8 31. Bf3 c5 32. b5 b6 33. Be3 Re8 34. Kg2 Nc3
35. Bd2 Ne2 36. Kf2 Nd4 37. Bd1 Rf8+ 38. Kg1 Bd3 39. Rc1 Be2 40. Kg2 Bf1+ 41.
Kg1 Bh3 0-1

[Event "Clare Benedict Cup 22nd"]
[Site "Copenhagen"]
[Date "1977.??.??"]
[Round "5.1"]
[White "Bellon Lopez, Juan Manuel"]
[Black "Hamann, Svend"]
[Result "0-1"]
[WhiteElo "2415"]
[BlackElo "2465"]
[PlyCount "77"]
[EventDate "1977.02.13"]
[EventType "team-tourn"]
[EventRounds "7"]
[EventCountry "DEN"]
[SourceTitle "EXT 2002"]
[Source "ChessBase"]
[SourceDate "2001.11.25"]
[SourceVersion "1"]
[SourceVersionDate "2001.11.25"]
[SourceQuality "1"]
[WhiteTeam "Spanien"]
[BlackTeam "Danmark"]
[WhiteTeamCountry "ESP"]
[BlackTeamCountry "DEN"]

1. Nf3 d5 2. b3 Bg4 3. e3 Nd7 4. Bb2 Ngf6 5. h3 Bh5 6. d3 e6 7. Nbd2 Be7 8. g4
Bg6 9. h4 h6 10. h5 Bh7 11. Rg1 c6 12. g5 hxg5 13. Nxg5 Bg8 14. Be2 Qa5 15. a3
O-O-O 16. c4 Qc7 17. cxd5 exd5 18. Nf1 Ne8 19. Qc2 Bf6 20. O-O-O Kb8 21. Bxf6
Ndxf6 22. Ng3 Qe5 23. d4 Qe7 24. Kb2 Nd6 25. Nf5 Nxf5 26. Qxf5 Nxh5 27. Rh1 f6
28. Rxh5 Rxh5 29. Bxh5 fxg5 30. Qg4 Rf8 31. Qg3+ Ka8 32. Rg1 Bh7 33. Qg2 a6 34.
Re1 Bf5 35. Bd1 Qe4 36. Qxe4 Bxe4 37. f3 Bxf3 38. Bxf3 Rxf3 39. Rg1 0-1

[Event "Clare Benedict Cup 22nd"]
[Site "Copenhagen"]
[Date "1977.??.??"]
[Round "5.1"]
[White "Larsen, Bent"]
[Black "Calvo Minguez, Ricardo"]
[Result "1/2-1/2"]
[WhiteElo "2615"]
[BlackElo "2420"]
[PlyCount "79"]
[EventDate "1977.02.13"]
[EventType "team-tourn"]
[EventRounds "7"]
[EventCountry "DEN"]
[SourceTitle "EXT 2002"]
[Source "ChessBase"]
[SourceDate "2001.11.25"]
[SourceVersion "1"]
[SourceVersionDate "2001.11.25"]
[SourceQuality "1"]
[WhiteTeam "Danmark"]
[BlackTeam "Spanien"]
[WhiteTeamCountry "DEN"]
[BlackTeamCountry "ESP"]

1. e4 c5 2. Nf3 d6 3. c3 Nf6 4. d3 Nc6 5. Nbd2 g6 6. a3 Bg7 7. Be2 O-O 8. O-O
Ne8 9. Re1 Nc7 10. Nf1 e5 11. b4 b6 12. Ng3 a5 13. bxc5 bxc5 14. a4 Rb8 15. h4
Ne6 16. h5 Nf4 17. Nd2 f5 18. hxg6 hxg6 19. Bf1 Rb7 20. Rb1 Rbf7 21. exf5 gxf5
22. Nh5 Nxh5 23. Qxh5 Rf6 24. Nf3 f4 25. d4 Rh6 26. Qg5 cxd4 27. Qxd8 Nxd8 28.
cxd4 Bb7 29. Bc4+ Kh8 30. dxe5 Bxf3 31. gxf3 Bxe5 32. Rb8 Kg7 33. Bd5 Nf7 34.
Rxf8 Kxf8 35. Bd2 Rh5 36. Rb1 Bd4 37. Rb5 Bc5 38. Bxf7 Kxf7 39. Bxf4 Rh4 40.
Bd2 1/2-1/2

[Event "Clare Benedict Cup 22nd"]
[Site "Copenhagen"]
[Date "1977.??.??"]
[Round "5.1"]
[White "Martin Gonzalez, Angel"]
[Black "Kristiansen, Jens"]
[Result "1/2-1/2"]
[WhiteElo "2340"]
[BlackElo "2385"]
[PlyCount "155"]
[EventDate "1977.02.13"]
[EventType "team-tourn"]
[EventRounds "7"]
[EventCountry "DEN"]
[SourceTitle "EXT 2002"]
[Source "ChessBase"]
[SourceDate "2001.11.25"]
[SourceVersion "1"]
[SourceVersionDate "2001.11.25"]
[SourceQuality "1"]
[WhiteTeam "Spanien"]
[BlackTeam "Danmark"]
[WhiteTeamCountry "ESP"]
[BlackTeamCountry "DEN"]

1. e4 c5 2. Nf3 e6 3. d4 cxd4 4. Nxd4 a6 5. Nc3 b5 6. Bd3 Bb7 7. O-O d6 8. Re1
Nd7 9. a4 bxa4 10. Nxa4 Ngf6 11. Nb3 Be7 12. Bd2 Rb8 13. Na5 Ba8 14. f3 Qc7 15.
Kh1 O-O 16. Bc3 e5 17. Nc4 d5 18. exd5 Nxd5 19. Ba5 Qc6 20. Nxe5 Nxe5 21. Rxe5
Qf6 22. Rf5 Qd6 23. Qe1 Bf6 24. Nc3 Ne7 25. Rh5 g6 26. Rd1 Qe6 27. Qg3 Rxb2 28.
Rc5 Qe3 29. Rc4 Qg5 30. Qxg5 Bxg5 31. Ne4 Bxe4 32. Bxe4 Bf6 33. g3 Rb5 34. Bb4
Rfb8 35. Bd6 Rd8 36. Rd3 Nf5 37. Bf4 Rxd3 38. Bxd3 Rb1+ 39. Kg2 Nd4 40. Bh6 Rb8
41. Rc7 a5 42. Bc4 Ne6 43. Rc6 Bg7 44. Be3 Nd4 45. Rc7 Ne6 46. Ra7 Rc8 47. Bb3
Bd4 48. Bxd4 Nxd4 49. Bxf7+ Kh8 50. c4 Nc6 51. Ra6 Ne5 52. Be6 Rc5 53. g4 Nxc4
54. Bxc4 Rxc4 55. Rxa5 Kg7 56. Kg3 Rb4 57. h4 Rc4 58. h5 Kh6 59. f4 Rb4 60. Ra7
gxh5 61. Ra6+ Kg7 62. g5 Rb3+ 63. Kh4 Rf3 64. Rf6 h6 65. Kxh5 hxg5 66. Kxg5
Rg3+ 67. Kf5 Ra3 68. Re6 Kf7 69. Re5 Ra2 70. Rb5 Ra1 71. Rb7+ Kf8 72. Rb6 Kf7
73. Kg5 Rg1+ 74. Kf5 Ra1 75. Rb7+ Kf8 76. Kg5 Ra5+ 77. f5 Ra6 78. Rh7 1/2-1/2

[Event "Clare Benedict Cup 22nd"]
[Site "Copenhagen"]
[Date "1977.??.??"]
[Round "5.1"]
[White "Sloth, Jorn"]
[Black "Sanz Alonso, Francisco Javier"]
[Result "1/2-1/2"]
[WhiteElo "2395"]
[BlackElo "2350"]
[PlyCount "80"]
[EventDate "1977.02.13"]
[EventType "team-tourn"]
[EventRounds "7"]
[EventCountry "DEN"]
[SourceTitle "EXT 2002"]
[Source "ChessBase"]
[SourceDate "2001.11.25"]
[SourceVersion "1"]
[SourceVersionDate "2001.11.25"]
[SourceQuality "1"]
[WhiteTeam "Danmark"]
[BlackTeam "Spanien"]
[WhiteTeamCountry "DEN"]
[BlackTeamCountry "ESP"]

1. Nf3 c5 2. g3 g6 3. Bg2 Bg7 4. O-O Nc6 5. c3 e5 6. d4 cxd4 7. cxd4 exd4 8.
Nbd2 Nge7 9. Nb3 Nf5 10. Bf4 h5 11. Qd2 O-O 12. Rfd1 a5 13. Bh3 a4 14. Bxf5
axb3 15. Bb1 Re8 16. a3 d5 17. Bd3 Bg4 18. Rac1 Bf6 19. h4 Qb6 20. Bd6 Rac8 21.
Bc5 Qd8 22. Bb5 Bxf3 23. exf3 Ne5 24. Kg2 Nc4 25. Bxc4 dxc4 26. Bxd4 Bxd4 27.
Qxd4 Qxd4 28. Rxd4 b5 29. a4 bxa4 30. Rcxc4 Rxc4 31. Rxc4 Re2 32. Rxa4 Rxb2 33.
Rb4 Kg7 34. Rb6 Rb1 35. f4 Kf8 36. Rb7 Ke8 37. f5 gxf5 38. Kf3 Rb2 39. Rb5 f4
40. gxf4 Rb1 1/2-1/2

[Event "Clare Benedict Cup 22nd"]
[Site "Copenhagen"]
[Date "1977.??.??"]
[Round "5.2"]
[White "Helmers, Knut Jaran"]
[Black "Webb, Simon"]
[Result "1-0"]
[WhiteElo "2305"]
[BlackElo "2430"]
[PlyCount "79"]
[EventDate "1977.02.13"]
[EventType "team-tourn"]
[EventRounds "7"]
[EventCountry "DEN"]
[SourceTitle "EXT 2002"]
[Source "ChessBase"]
[SourceDate "2001.11.25"]
[SourceVersion "1"]
[SourceVersionDate "2001.11.25"]
[SourceQuality "1"]
[WhiteTeam "Norge"]
[BlackTeam "England"]
[WhiteTeamCountry "NOR"]
[BlackTeamCountry "ENG"]

1. e4 e6 2. d3 c5 3. Nf3 Nc6 4. g3 g6 5. Bg2 Bg7 6. O-O Nge7 7. Re1 O-O 8. c3
e5 9. Nbd2 d6 10. a3 a5 11. a4 h6 12. Nc4 Be6 13. Nfd2 Rb8 14. f4 b6 15. Nf3
Qc7 16. Qe2 Rbd8 17. Bd2 Rfe8 18. f5 gxf5 19. Nh4 d5 20. exd5 Nxd5 21. Bxd5
Rxd5 22. Ne3 Ne7 23. Nxd5 Nxd5 24. Rf1 Qd7 25. Qf3 Ne7 26. Rf2 Rd8 27. Raf1
Qxd3 28. Qh5 Kh7 29. Bg5 f6 30. Rd2 fxg5 31. Rxd3 Rxd3 32. Nf3 Bf6 33. Qe8 e4
34. Ne5 Kg7 35. Nxd3 exd3 36. Re1 d2 37. Rd1 Bf7 38. Qd7 Ng6 39. Rxd2 f4 40.
Qf5 1-0